000 00931nam0a2200301 4500
001 RU\NLR\bibl\3394
005 20260409070323.0
010 _a5-89051-010-Х
_910000
021 _aRU
_b98-1123
_957
035 _a(NLR Aleph) 000003276
090 _a6872
_c6872
100 _a19980716d1998 |||y0rusy50 ca
101 0 _arus
102 _aRU
105 _a|||||||||||||
200 1 _aи все у ваших ног
_eПутеводитель в высш. о-во
_fЕлена Танасис
210 _aСПб.
_cСимвол
_d1998
215 _a124 с.
_cил
_d21
225 1 _aСер. "Свет. жизнь"
606 _aЭтикет
_3RU\NLR\auth\66221653
_91301301
686 _aЮ727.7
700 1 _4070
_8rus
_7ca
_aТанасис
_bЕ.
_gЕлена
_3RU\NLR\auth\777782
_9117713
801 0 _aRU
_bNLR
_c19980716
_gPSBO
801 1 _aRU
_bNLR
_c19980716
852 _aNLR
_j98-5/371
942 _cBOOK
980 _aNB